000 00396nam a2200169Ia 4500
003 OSt
005 20240222110625.0
008 170619s9999 xx 000 0 und d
020 _a9780195667509
040 _cIIMT ENGINEERING COLLEGE
100 _aDeCarlo/ Lin
245 0 _aLinear circuit analysis
260 _bOxford Uni. Press
260 _c2001
546 _aENGLISH
942 _2ddc
_c01
999 _c17848
_d17848